000 00535nam a2200193Ia 4500
005 20230225102952.0
008 131103s9999 xx 000 0 und d
040 _aLoreto College
041 _aEnglish
082 _a821.08
_bGAW
245 _aFifty years of modern verse
_b an anthology
_cchosen by John Gawsworth
260 _aLondon
_bRichard Press
_c1949
300 _a288p.
504 _aThe book in second printing
650 _aEnglish Poetry - Collections
700 _aGawsworth, John
850 _aLCLIB
942 _cBK
999 _c13062
_d63541